Japonec s európskymi črtami

Podrobná bibliografia
Hlavný autor: Turis, Juraj (Autor)
Médium: Článok
Jazyk:slovenčina
PhysicalDescription:Fotogr.
ISSN:0139-6323
Predmet:

MARC

LEADER 00000nab a2200000 ar4500
001 vtls008416730
003 SK-MaSNL
005 20260303070023.0
008 051207c2005 xo mr|p|||||||000 b|slo
015 |a SNBRB2005/12 
038 |a SNSK 
040 |a SNSK  |b slo  |c SNSK  |e AACR2 
041 0 |a slo 
044 |a xo  |c SK 
080 |a 629.331.1  |2 UDC-MRF-SK2 
100 1 |a Turis, Juraj  |4 aut  |9 267882 
245 1 0 |a Japonec s európskymi črtami  |c Juraj Turis 
300 |b Fotogr. 
650 0 7 |a Mitsubishi Colt (osobný automobil)  |2 snsk  |9 1020672 
650 0 7 |a osobné automobily  |2 snsk  |9 26643 
650 0 7 |a technické parametre  |2 snsk  |9 452097 
773 0 |t Život  |g Roč. 55, č. 40 (2005), s.62-63  |x 0139-6323 
852 |a SNSK  |b KIS3GCP 
999 |c 1753582  |d 1755512